000 00409cam a2200169 4500
001 D12247
008 090401t xxu||||| |||| 00| 0 eng d
035 _a(Sirsi) u2283
041 _aeng
100 _aBright, Tom
245 4 _aThe principles and practice of timber measuring and valuing
260 _bLand Agents Record Ltd
_cnd
350 _a0
520 _aShelf 113
942 _n0
948 _c04/03/1997
999 _c85751
_d85751